[Event "DSJ Weihnachtsturnier U20 2020"]
[Site "https://play.chessbase.com/en/play?room=DSJWeihnachtU20"]
[Date "2020.12.29"]
[Round "2"]
[White "Scheifel, Maximilian"]
[Black "Jessen, Mathilde"]
[Result "1-0"]
[Termination "time forfeit"]
[Board "13.4"]
[WhiteElo "1218"]
[BlackElo "1156"]
[WhiteTeam "Karlsruher SF 1853 2"]
[BlackTeam "SV Dresden-Striesen 1990"]
[PlyCount "85"]
[WhiteFideId "16279433"]
[BlackFideId "16240340"]
[EventRounds "7"]
[EventType "team-swiss"]
[EventDate "2020.12.29"]

1. e4 {[%emt 0:00:06]} c5 {[%emt 0:00:04]} 2. Nf3 {[%emt 0:00:04]} e6 {[%emt
0:00:03]} 3. d4 {[%emt 0:00:03]} cxd4 {[%emt 0:00:03]} 4. Nxd4 {[%emt 0:00:01]}
a6 {[%emt 0:00:03]} 5. c4 {[%emt 0:00:03]} g6 {[%emt 0:00:19]} 6. Nc3 {[%emt
0:00:17]} Bg7 {[%emt 0:00:38]} 7. Be3 {[%emt 0:00:07]} Ne7 {[%emt 0:00:25]} 8.
Be2 {[%emt 0:00:10]} O-O {[%emt 0:00:03]} 9. O-O {[%emt 0:00:03]} d6 {[%emt
0:00:28]} 10. f3 {[%emt 0:00:13]} e5 {[%emt 0:00:22]} 11. Nb3 {[%emt 0:00:06]}
Nd7 {[%emt 0:00:23]} 12. Qxd6 {[%emt 0:00:44]} f5 {[%emt 0:01:15]} 13. Bg5 {
[%emt 0:00:57] Karlsru2-004 reconnected.} Rf7 {[%emt 0:01:38]} 14. Nd5 { [%emt
0:00:28]} Bf8 {[%emt 0:00:35]} 15. Nxe7+ {[%emt 0:00:32]} Bxe7 {[%emt 0:00:14]}
16. Bxe7 {[%emt 0:00:01]} Qxe7 {[%emt 0:00:06]} 17. Qxe7 {[%emt 0:00:01]} Rxe7
{[%emt 0:00:04]} 18. Rad1 {[%emt 0:00:21]} Nf6 {[%emt 0:00:17]} 19. Bd3 {[%emt
0:00:20]} Kg7 {[%emt 0:00:19]} 20. Bc2 {[%emt 0:00:13]} Be6 { [%emt 0:00:17]}
21. Nd2 {[%emt 0:00:06]} Nh5 {[%emt 0:00:21]} 22. exf5 { [%emt 0:00:08]} gxf5
{[%emt 0:00:05]} 23. Rfe1 {[%emt 0:00:08]} Kf6 {[%emt 0:00:03]} 24. b3 {[%emt
0:00:21]} Rc8 {[%emt 0:00:07]} 25. Bd3 {[%emt 0:00:11]} Rd7 {[%emt 0:00:07]}
26. Be2 {[%emt 0:00:09]} Nf4 {[%emt 0:00:16]} 27. Kf2 { [%emt 0:00:14]} h5
{[%emt 0:00:07]} 28. Nf1 {[%emt 0:00:07]} Rxd1 {[%emt 0:00:10]} 29. Rxd1 {[%emt
0:00:03]} Rg8 {[%emt 0:00:30]} 30. g3 {[%emt 0:00:05]} Nh3+ {[%emt 0:00:10]}
31. Ke1 {[%emt 0:00:17]} f4 {[%emt 0:00:09]} 32. Rd6 { [%emt 0:00:29]} fxg3
{[%emt 0:00:09]} 33. hxg3 {[%emt 0:00:02]} Ke7 {[%emt 0:00:06]} 34. Rb6 {[%emt
0:00:10]} Bc8 {[%emt 0:00:06]} 35. Rh6 {[%emt 0:00:11]} Rg5 {[%emt 0:00:16]}
36. Kd2 {[%emt 0:00:29]} Be6 {[%emt 0:00:22]} 37. g4 { [%emt 0:00:33]} Nf4
{[%emt 0:00:33]} 38. Rh7+ {[%emt 0:00:12]} Kf6 {[%emt 0:00:05]} 39. Rxb7 {[%emt
0:00:08]} hxg4 {[%emt 0:00:02]} 40. fxg4 {[%emt 0:00:05]} Bxg4 {[%emt 0:00:02]}
41. Rb6+ {[%emt 0:00:04]} Kf5 {[%emt 0:00:02]} 42. Ne3+ { [%emt 0:00:05]} Ke4
{[%emt 0:00:03]} 43. Bxg4 {[%emt 0:00:10] TimeB} 1-0

[Event "DSJ Weihnachtsturnier U20 2020"]
[Site "https://play.chessbase.com/en/play?room=DSJWeihnachtU20"]
[Date "2020.12.29"]
[Round "2"]
[White "Arndt, Magnus"]
[Black "Schelhorn, Paul"]
[Result "1-0"]
[Termination "normal"]
[Board "14.1"]
[WhiteElo "2282"]
[BlackElo "1730"]
[WhiteTeam "SK Doppelbauer Kiel"]
[BlackTeam "Schachfreunde 1974 Heinsberg"]
[PlyCount "113"]
[WhiteFideId "12998656"]
[BlackFideId "12964077"]
[EventRounds "7"]
[EventType "team-swiss"]
[EventDate "2020.12.29"]

1. e4 {[%emt 0:00:03]} d6 {[%emt 0:00:02]} 2. d4 {[%emt 0:00:05]} g6 {[%emt
0:00:01]} 3. Nf3 {[%emt 0:00:02]} Bg7 {[%emt 0:00:01]} 4. Bd3 {[%emt 0:00:02]}
Bg4 {[%emt 0:00:01]} 5. c3 {[%emt 0:00:03]} c6 {[%emt 0:00:02]} 6. h3 {[%emt
0:00:03]} Bxf3 {[%emt 0:00:01]} 7. Qxf3 {[%emt 0:00:00]} Nd7 {[%emt 0:00:02]}
8. Nd2 {[%emt 0:01:12]} Rc8 {[%emt 0:01:28]} 9. O-O {[%emt 0:01:02]} Ngf6 {
[%emt 0:00:21]} 10. Re1 {[%emt 0:00:37]} O-O {[%emt 0:00:18]} 11. e5 {[%emt
0:01:15]} dxe5 {[%emt 0:01:01]} 12. dxe5 {[%emt 0:00:00]} Nd5 {[%emt 0:00:01]}
13. Qg3 {[%emt 0:00:23]} Qc7 {[%emt 0:00:26]} 14. Nf3 {[%emt 0:00:59]} Rfe8 {
[%emt 0:00:10]} 15. a3 {[%emt 0:01:04]} Nc5 {[%emt 0:00:25]} 16. Bc2 {[%emt
0:00:12]} Rcd8 {[%emt 0:00:18]} 17. c4 {[%emt 0:01:02]} Nb6 {[%emt 0:00:10]}
18. Qh4 {[%emt 0:00:01]} e6 {[%emt 0:00:18]} 19. Bg5 {[%emt 0:00:10]} Rd7
{[%emt 0:00:10]} 20. Bf6 {[%emt 0:00:34]} h6 {[%emt 0:01:00]} 21. Rad1 {[%emt
0:00:10]} Rxd1 {[%emt 0:00:11]} 22. Rxd1 {[%emt 0:00:00]} Ncd7 {[%emt 0:00:00]}
23. Bxg7 {[%emt 0:00:36]} Kxg7 {[%emt 0:00:03]} 24. Qe4 {[%emt 0:00:24]} Rd8
{[%emt 0:00:17]} 25. b4 {[%emt 0:00:15]} a6 {[%emt 0:00:30]} 26. h4 {[%emt
0:00:01]} c5 {[%emt 0:01:04]} 27. h5 {[%emt 0:00:07]} cxb4 {[%emt 0:00:08]} 28.
hxg6 { [%emt 0:00:03]} b3 {[%emt 0:00:05]} 29. Bxb3 {[%emt 0:00:06]} Nc5 {[%emt
0:00:01]} 30. Qc2 {[%emt 0:00:07]} Rxd1+ {[%emt 0:00:14]} 31. Qxd1 {[%emt
0:00:00]} fxg6 {[%emt 0:00:01]} 32. Bc2 {[%emt 0:00:11]} Nxc4 {[%emt 0:00:08]}
33. Bxg6 { [%emt 0:00:07]} Nxe5 {[%emt 0:00:08]} 34. Nxe5 {[%emt 0:00:01]} Qxe5
{[%emt 0:00:03]} 35. Bc2 {[%emt 0:00:00]} b5 {[%emt 0:00:21]} 36. Qg4+ {[%emt
0:00:01]} Qg5 {[%emt 0:00:12]} 37. Qd4+ {[%emt 0:00:01]} Kf7 {[%emt 0:00:10]}
38. f4 { [%emt 0:00:01]} Qd5 {[%emt 0:00:11]} 39. Qh8 {[%emt 0:00:09]} a5
{[%emt 0:00:13]} 40. Qh7+ {[%emt 0:00:01]} Ke8 {[%emt 0:00:08]} 41. Bg6+ {[%emt
0:00:01]} Kd8 {[%emt 0:00:04]} 42. Qh8+ {[%emt 0:00:02]} Kc7 {[%emt 0:00:10]}
43. Qxh6 { [%emt 0:00:01]} Qd4+ {[%emt 0:00:11]} 44. Kh2 {[%emt 0:00:03]} Qf6
{[%emt 0:00:06]} 45. g3 {[%emt 0:00:03]} b4 {[%emt 0:00:08]} 46. axb4 {[%emt
0:00:00]} axb4 {[%emt 0:00:00]} 47. Qh7+ {[%emt 0:00:00]} Kd6 {[%emt 0:00:02]}
48. Bb1 { [%emt 0:00:03]} b3 {[%emt 0:00:02]} 49. Qa7 {[%emt 0:00:02]} b2
{[%emt 0:00:03] } 50. Qb6+ {[%emt 0:00:01]} Kd5 {[%emt 0:00:01]} 51. Ba2+
{[%emt 0:00:01]} Kd4 {[%emt 0:00:01]} 52. Qxb2+ {[%emt 0:00:01]} Ke3 {[%emt
0:00:06]} 53. Qxf6 { [%emt 0:00:00]} Ne4 {[%emt 0:00:01]} 54. Qe5 {[%emt
0:00:01]} Kf3 {[%emt 0:00:02]} 55. Bxe6 {[%emt 0:00:09]} Nf2 {[%emt 0:00:02]}
56. Bd5+ {[%emt 0:00:03]} Kg4 {[%emt 0:00:01]} 57. Qg5# {[%emt 0:00:02]} 1-0

[Event "DSJ Weihnachtsturnier U20 2020"]
[Site "https://play.chessbase.com/en/play?room=DSJWeihnachtU20"]
[Date "2020.12.29"]
[Round "2"]
[White "Benz, Leon"]
[Black "Nagy, Lukas"]
[Result "0-1"]
[Termination "normal"]
[Board "14.2"]
[WhiteElo "1639"]
[BlackElo "1704"]
[WhiteTeam "Schachfreunde 1974 Heinsberg"]
[BlackTeam "SK Doppelbauer Kiel"]
[PlyCount "74"]
[WhiteFideId "16294602"]
[BlackFideId "16246098"]
[EventRounds "7"]
[EventType "team-swiss"]
[EventDate "2020.12.29"]

1. d4 {[%emt 0:00:09]} Nf6 {[%emt 0:00:02]} 2. Bf4 {[%emt 0:00:02]} g6 { [%emt
0:00:02]} 3. e3 {[%emt 0:00:07]} Bg7 {[%emt 0:00:03]} 4. Nf3 {[%emt 0:00:03]}
O-O {[%emt 0:00:05]} 5. Bd3 {[%emt 0:00:17]} d5 {[%emt 0:00:06]} 6. O-O { [%emt
0:00:03]} Nh5 {[%emt 0:00:05]} 7. Bg3 {[%emt 0:00:04]} Nxg3 {[%emt 0:00:03]} 8.
hxg3 {[%emt 0:00:00]} Bg4 {[%emt 0:00:04]} 9. Nbd2 {[%emt 0:00:04]} c5 {[%emt
0:00:03]} 10. c3 {[%emt 0:00:02]} Nd7 {[%emt 0:00:06]} 11. Qc2 {[%emt 0:00:13]}
Rc8 {[%emt 0:00:04]} 12. Rfe1 {[%emt 0:00:51]} Re8 {[%emt 0:00:36]} 13. Rac1
{[%emt 0:00:27]} Qb6 {[%emt 0:01:01]} 14. Qb1 {[%emt 0:00:24]} h5 { [%emt
0:01:05]} 15. b4 {[%emt 0:03:04]} cxd4 {[%emt 0:01:03]} 16. exd4 { [%emt
0:00:13]} Rc7 {[%emt 0:00:24]} 17. Qb3 {[%emt 0:01:15]} a5 {[%emt 0:01:15]} 18.
a3 {[%emt 0:00:31]} e6 {[%emt 0:00:28]} 19. Qb2 {[%emt 0:00:45]} axb4 {[%emt
0:00:07]} 20. cxb4 {[%emt 0:00:31]} Rec8 {[%emt 0:00:07]} 21. Rxc7 { [%emt
0:00:09]} Rxc7 {[%emt 0:00:00]} 22. Nb3 {[%emt 0:00:01]} Qa7 {[%emt 0:00:47]}
23. Be2 {[%emt 0:00:45]} Nb6 {[%emt 0:00:06]} 24. Rd1 {[%emt 0:00:14]} Na4
{[%emt 0:00:10]} 25. Qd2 {[%emt 0:00:09]} Nc3 {[%emt 0:00:12]} 26. Rc1 { [%emt
0:00:21]} Nxe2+ {[%emt 0:00:08]} 27. Qxe2 {[%emt 0:00:00]} Rxc1+ { [%emt
0:00:04]} 28. Nxc1 {[%emt 0:00:00]} Qxa3 {[%emt 0:00:02]} 29. Ne5 { [%emt
0:00:06]} Bxe2 {[%emt 0:00:02]} 30. Nxe2 {[%emt 0:00:03]} Bxe5 {[%emt 0:00:05]}
31. dxe5 {[%emt 0:00:01]} Qxb4 {[%emt 0:00:01]} 32. Nf4 {[%emt 0:00:07] } Qe1+
{[%emt 0:00:06]} 33. Kh2 {[%emt 0:00:01]} Qxe5 {[%emt 0:00:00]} 34. Nd3 {[%emt
0:00:01]} Qd4 {[%emt 0:00:02]} 35. Nf4 {[%emt 0:00:02]} Qxf2 {[%emt 0:00:02]}
36. Nd3 {[%emt 0:00:02]} Qe3 {[%emt 0:00:01]} 37. Nc1 {[%emt 0:00:01]} Qxc1
{[%emt 0:00:03]} 0-1

[Event "DSJ Weihnachtsturnier U20 2020"]
[Site "https://play.chessbase.com/en/play?room=DSJWeihnachtU20"]
[Date "2020.12.29"]
[Round "2"]
[White "Rempe, Mieke"]
[Black "Hoffknecht, Philipp"]
[Result "1-0"]
[Termination "normal"]
[Board "14.3"]
[WhiteElo "1669"]
[BlackElo "1575"]
[WhiteTeam "SK Doppelbauer Kiel"]
[BlackTeam "Schachfreunde 1974 Heinsberg"]
[PlyCount "99"]
[WhiteFideId "16202384"]
[BlackFideId "16294629"]
[EventRounds "7"]
[EventType "team-swiss"]
[EventDate "2020.12.29"]

1. e4 {[%emt 0:00:05]} e5 {[%emt 0:00:18]} 2. Nf3 {[%emt 0:00:02]} Nc6 { [%emt
0:00:02]} 3. Bb5 {[%emt 0:00:02]} Nf6 {[%emt 0:00:16]} 4. O-O {[%emt 0:00:31]}
Bc5 {[%emt 0:00:19]} 5. Nxe5 {[%emt 0:00:59]} Nxe5 {[%emt 0:00:05]} 6. d4
{[%emt 0:00:02]} Bxd4 {[%emt 0:00:59]} 7. Qxd4 {[%emt 0:00:09]} Qe7 { [%emt
0:00:13]} 8. Nc3 {[%emt 0:01:09]} O-O {[%emt 0:00:10]} 9. Bg5 {[%emt 0:00:29]}
h6 {[%emt 0:00:15]} 10. Nd5 {[%emt 0:00:39]} Qd6 {[%emt 0:00:40]} 11. Nxf6+
{[%emt 0:01:19]} gxf6 {[%emt 0:00:15]} 12. Qxd6 {[%emt 0:00:03]} cxd6 { [%emt
0:00:11]} 13. Bxh6 {[%emt 0:00:09]} Re8 {[%emt 0:00:16]} 14. Rad1 { [%emt
0:00:31]} a6 {[%emt 0:00:23]} 15. Ba4 {[%emt 0:00:10]} b5 {[%emt 0:00:25] } 16.
Bb3 {[%emt 0:00:02]} Ng4 {[%emt 0:00:05]} 17. Bf4 {[%emt 0:00:29]} Rxe4 { [%emt
0:00:06]} 18. Bd5 {[%emt 0:00:12]} Rxf4 {[%emt 0:00:19]} 19. Bxa8 { [%emt
0:00:02]} Rc4 {[%emt 0:00:19]} 20. c3 {[%emt 0:00:11]} Rf4 {[%emt 0:00:32]} 21.
Rde1 {[%emt 0:00:13]} Kf8 {[%emt 0:00:14]} 22. Re2 {[%emt 0:00:30]} Ne5 {[%emt
0:00:10]} 23. Rd1 {[%emt 0:00:16]} Ke7 {[%emt 0:00:26]} 24. g3 { [%emt
0:00:04]} Rg4 {[%emt 0:01:23]} 25. f4 {[%emt 0:00:02]} Kf8 {[%emt 0:00:06]} 26.
fxe5 {[%emt 0:00:01]} dxe5 {[%emt 0:00:02]} 27. Rf1 {[%emt 0:00:03]} Ke7 {[%emt
0:00:07]} 28. Bf3 {[%emt 0:00:07]} Rc4 {[%emt 0:00:07]} 29. Ref2 { [%emt
0:00:02]} d6 {[%emt 0:00:07]} 30. Bd5 {[%emt 0:00:01]} Rc5 {[%emt 0:00:06]} 31.
Bb3 {[%emt 0:00:03]} Bh3 {[%emt 0:00:02]} 32. Rd1 {[%emt 0:00:05]} Bg4 {[%emt
0:00:03]} 33. Rd3 {[%emt 0:00:07]} a5 {[%emt 0:00:01]} 34. h3 {[%emt 0:00:03]}
Bf5 {[%emt 0:00:01]} 35. Rdf3 {[%emt 0:00:02]} a4 {[%emt 0:00:01]} 36. Rxf5
{[%emt 0:00:02]} axb3 {[%emt 0:00:01]} 37. axb3 {[%emt 0:00:01]} Rc7 { [%emt
0:00:02]} 38. Rxf6 {[%emt 0:00:01]} b4 {[%emt 0:00:01]} 39. Rxf7+ { [%emt
0:00:02]} Kd8 {[%emt 0:00:01]} 40. Rxc7 {[%emt 0:00:01]} Kxc7 {[%emt 0:00:00]}
41. cxb4 {[%emt 0:00:01]} Kc6 {[%emt 0:00:01]} 42. h4 {[%emt 0:00:02]} d5
{[%emt 0:00:01]} 43. h5 {[%emt 0:00:02]} d4 {[%emt 0:00:01]} 44. h6 { [%emt
0:00:02]} Kd5 {[%emt 0:00:00]} 45. h7 {[%emt 0:00:02]} e4 {[%emt 0:00:00] } 46.
h8=Q {[%emt 0:00:02]} e3 {[%emt 0:00:01]} 47. Qh5+ {[%emt 0:00:02]} Ke4 { [%emt
0:00:01]} 48. Qf3+ {[%emt 0:00:03]} Kd3 {[%emt 0:00:02]} 49. Rf1 { [%emt
0:00:02]} Kd2 {[%emt 0:00:05]} 50. Qd1# {[%emt 0:00:03]} 1-0

[Event "DSJ Weihnachtsturnier U20 2020"]
[Site "https://play.chessbase.com/en/play?room=DSJWeihnachtU20"]
[Date "2020.12.29"]
[Round "2"]
[White "Kerssemeekers, Nick"]
[Black "Malinowsky, Celina"]
[Result "0-1"]
[Termination "normal"]
[Board "14.4"]
[WhiteElo "1072"]
[BlackElo "1372"]
[WhiteTeam "Schachfreunde 1974 Heinsberg"]
[BlackTeam "SK Doppelbauer Kiel"]
[PlyCount "78"]
[BlackFideId "16266986"]
[EventRounds "7"]
[EventType "team-swiss"]
[EventDate "2020.12.29"]

1. e4 {[%emt 0:00:09]} e5 {[%emt 0:00:02]} 2. Nf3 {[%emt 0:00:01]} Nc6 { [%emt
0:00:03]} 3. Bc4 {[%emt 0:00:12]} Bc5 {[%emt 0:00:03]} 4. d3 {[%emt 0:00:08]}
Nf6 {[%emt 0:00:10]} 5. c3 {[%emt 0:00:16]} d6 {[%emt 0:00:05]} 6. O-O { [%emt
0:00:38]} Bg4 {[%emt 0:00:03]} 7. Be3 {[%emt 0:00:08]} Bxe3 {[%emt 0:00:15]} 8.
fxe3 {[%emt 0:00:06]} O-O {[%emt 0:00:18]} 9. Nbd2 {[%emt 0:00:15]} Na5 {[%emt
0:00:14]} 10. Bb5 {[%emt 0:00:19]} a6 {[%emt 0:00:06]} 11. Ba4 {[%emt 0:00:02]}
Nc6 {[%emt 0:00:02]} 12. d4 {[%emt 0:01:07]} exd4 {[%emt 0:00:11]} 13. exd4
{[%emt 0:00:02]} b5 {[%emt 0:00:08]} 14. Bb3 {[%emt 0:00:02]} Re8 { [%emt
0:00:06]} 15. h3 {[%emt 0:00:14]} Bxf3 {[%emt 0:00:16]} 16. Rxf3 { [%emt
0:00:10]} a5 {[%emt 0:00:12]} 17. Qe2 {[%emt 0:00:25]} Rb8 {[%emt 0:00:20]} 18.
a3 {[%emt 0:00:34]} Qe7 {[%emt 0:00:14]} 19. Re3 {[%emt 0:00:37]} Kf8 {[%emt
0:00:40]} 20. Bd5 {[%emt 0:00:05]} Nxd5 {[%emt 0:00:05]} 21. exd5 { [%emt
0:00:01]} Qxe3+ {[%emt 0:00:05]} 22. Qxe3 {[%emt 0:00:01]} Rxe3 {[%emt
0:00:02]} 23. dxc6 {[%emt 0:00:00]} Re2 {[%emt 0:00:16]} 24. Rd1 {[%emt
0:00:07]} Rbe8 {[%emt 0:00:08]} 25. Kf1 {[%emt 0:00:04]} R2e6 {[%emt 0:00:12]}
26. Nf3 { [%emt 0:00:11]} d5 {[%emt 0:00:05]} 27. Ng5 {[%emt 0:00:12]} Rxc6
{[%emt 0:00:16]} 28. Nxh7+ {[%emt 0:00:02]} Kg8 {[%emt 0:00:03]} 29. Ng5 {[%emt
0:00:04]} Rf6+ {[%emt 0:00:08]} 30. Nf3 {[%emt 0:00:09]} Kf8 {[%emt 0:00:14]}
31. Kf2 { [%emt 0:00:01]} c6 {[%emt 0:00:06]} 32. g4 {[%emt 0:00:03]} Rfe6
{[%emt 0:00:02]} 33. Ne5 {[%emt 0:00:12]} f6 {[%emt 0:00:09]} 34. Ng6+ {[%emt
0:00:07]} Kf7 {[%emt 0:00:11]} 35. Nf4 {[%emt 0:00:02]} Re4 {[%emt 0:00:13]}
36. Kf3 { [%emt 0:00:26]} g5 {[%emt 0:00:20]} 37. Nh5 {[%emt 0:00:46]} Re3+
{[%emt 0:00:13]} 38. Kg2 {[%emt 0:00:07]} Re2+ {[%emt 0:00:02]} 39. Kf3 {[%emt
0:00:07]} R8e3# {[%emt 0:00:04]} 0-1

[Event "DSJ Weihnachtsturnier U20 2020"]
[Site "https://play.chessbase.com/en/play?room=DSJWeihnachtU20"]
[Date "2020.12.29"]
[Round "2"]
[White "Gazizov, Max"]
[Black "Klühs, Gustaf"]
[Result "1-0"]
[Termination "normal"]
[Board "15.1"]
[WhiteElo "1689"]
[BlackElo "1823"]
[WhiteTeam "Think Rochade - SC HRO"]
[BlackTeam "SC Borussia Lichtenberg"]
[PlyCount "65"]
[WhiteFideId "12951323"]
[BlackFideId "16228936"]
[EventRounds "7"]
[EventType "team-swiss"]
[EventDate "2020.12.29"]

1. d4 {[%emt 0:00:00]} Nf6 {[%emt 0:00:07] Rochade1-001 kibitzing!?
Rochade1-001 reconnected.} 2. c4 {[%emt 0:00:56]} e6 {[%emt 0:00:15]} 3. Nc3 {
[%emt 0:00:02]} Bb4 {[%emt 0:00:06]} 4. Qc2 {[%emt 0:00:01]} b6 {[%emt 0:00:10]
} 5. Nf3 {[%emt 0:00:07]} Bb7 {[%emt 0:00:02]} 6. a3 {[%emt 0:00:05]} Be7 {
[%emt 0:00:15]} 7. e4 {[%emt 0:00:12]} d5 {[%emt 0:00:15]} 8. cxd5 {[%emt
0:00:19]} exd5 {[%emt 0:00:05]} 9. e5 {[%emt 0:00:03]} Ne4 {[%emt 0:00:02]} 10.
Bd3 {[%emt 0:00:07]} Nxc3 {[%emt 0:00:10]} 11. bxc3 {[%emt 0:00:02]} c5 {[%emt
0:00:03]} 12. O-O {[%emt 0:00:10]} c4 {[%emt 0:00:54]} 13. Bf5 {[%emt 0:00:32]}
Bc8 {[%emt 0:00:07]} 14. Ng5 {[%emt 0:02:38]} h6 {[%emt 0:01:44]} 15. Nxf7 {
[%emt 0:00:10]} Kxf7 {[%emt 0:00:06]} 16. Bg6+ {[%emt 0:00:01]} Kg8 {[%emt
0:00:08]} 17. f4 {[%emt 0:00:04]} Nd7 {[%emt 0:00:19]} 18. f5 {[%emt 0:00:28]}
Nf6 {[%emt 0:00:38]} 19. exf6 {[%emt 0:00:07]} Bxf6 {[%emt 0:00:03]} 20. Bf4 {
[%emt 0:00:05]} Bd7 {[%emt 0:00:08]} 21. Rae1 {[%emt 0:00:05]} Qf8 {[%emt
0:00:18]} 22. Qc1 {[%emt 0:00:27]} Be8 {[%emt 0:00:09]} 23. Be5 {[%emt
0:00:31]} Bg5 {[%emt 0:01:06]} 24. Bf4 {[%emt 0:00:47]} Bf6 {[%emt 0:00:05]}
25. Qe3 { [%emt 0:00:13]} Bf7 {[%emt 0:00:39]} 26. Qg3 {[%emt 0:00:22]} Rd8
{[%emt 0:00:42]} 27. Re2 {[%emt 0:00:21]} b5 {[%emt 0:01:37]} 28. Rfe1 {[%emt
0:00:02]} a6 {[%emt 0:00:03]} 29. Bxf7+ {[%emt 0:00:02]} Qxf7 {[%emt 0:00:04]}
30. Qg6 { [%emt 0:00:10]} Kf8 {[%emt 0:00:34]} 31. Bd6+ {[%emt 0:00:12]} Rxd6
{[%emt 0:00:03]} 32. Re8+ {[%emt 0:00:02]} Qxe8 {[%emt 0:00:02]} 33. Rxe8#
{[%emt 0:00:02]} 1-0

[Event "DSJ Weihnachtsturnier U20 2020"]
[Site "https://play.chessbase.com/en/play?room=DSJWeihnachtU20"]
[Date "2020.12.29"]
[Round "2"]
[White "Wadepfuhl, Jeremy"]
[Black "Wiese, Erik"]
[Result "1/2-1/2"]
[Termination "normal"]
[Board "15.2"]
[WhiteElo "1714"]
[BlackElo "1613"]
[WhiteTeam "SC Borussia Lichtenberg"]
[BlackTeam "Think Rochade - SC HRO"]
[PlyCount "112"]
[WhiteFideId "16243471"]
[BlackFideId "16271602"]
[EventRounds "7"]
[EventType "team-swiss"]
[EventDate "2020.12.29"]

1. d4 {[%emt 0:00:06]} Nf6 {[%emt 0:00:03]} 2. Bg5 {[%emt 0:00:10]} e6 { [%emt
0:00:05]} 3. Nd2 {[%emt 0:00:02]} Be7 {[%emt 0:00:06]} 4. e4 {[%emt 0:00:12]}
O-O {[%emt 0:00:16]} 5. Bd3 {[%emt 0:00:13]} c6 {[%emt 0:00:20]} 6. Ngf3 {
[%emt 0:00:05]} d5 {[%emt 0:00:05]} 7. O-O {[%emt 0:01:16]} dxe4 {[%emt
0:00:18]} 8. Nxe4 {[%emt 0:00:06]} Nxe4 {[%emt 0:00:39]} 9. Bxe7 {[%emt
0:00:02]} Nxf2 {[%emt 0:01:32]} 10. Bxd8 {[%emt 0:00:20]} Nxd1 {[%emt 0:00:03]}
11. Be7 { [%emt 0:00:01]} Re8 {[%emt 0:00:15]} 12. Ba3 {[%emt 0:00:32]} Ne3
{[%emt 0:00:09]} 13. Rfe1 {[%emt 0:00:16]} Nd5 {[%emt 0:00:29]} 14. c4 {[%emt
0:00:21]} Nf4 {[%emt 0:00:12]} 15. Bc2 {[%emt 0:00:16]} Nd7 {[%emt 0:00:18]}
16. Re4 { [%emt 0:00:05]} Ng6 {[%emt 0:00:10]} 17. Rf1 {[%emt 0:00:25]} Nf6
{[%emt 0:00:06]} 18. Ree1 {[%emt 0:00:20]} b6 {[%emt 0:00:14]} 19. Bd6 {[%emt
0:00:26]} Bb7 {[%emt 0:00:13]} 20. c5 {[%emt 0:00:15]} Red8 {[%emt 0:00:22]}
21. Bxg6 { [%emt 0:00:16]} hxg6 {[%emt 0:00:04]} 22. Nd2 {[%emt 0:00:25]} Ba6
{[%emt 0:00:08]} 23. Rf3 {[%emt 0:00:14]} Rd7 {[%emt 0:00:21]} 24. Be5 {[%emt
0:01:04]} bxc5 {[%emt 0:00:32]} 25. Bxf6 {[%emt 0:00:03]} gxf6 {[%emt 0:00:03]}
26. Ne4 { [%emt 0:00:16]} Kg7 {[%emt 0:00:26]} 27. dxc5 {[%emt 0:00:06]} f5
{[%emt 0:00:46]} 28. Nd6 {[%emt 0:00:01]} Rb8 {[%emt 0:00:17]} 29. a3 {[%emt
0:00:03]} Rxb2 {[%emt 0:00:07]} 30. Rf2 {[%emt 0:00:41]} Rb3 {[%emt 0:00:17]}
31. Rf3 { [%emt 0:00:02]} Rxf3 {[%emt 0:00:05]} 32. gxf3 {[%emt 0:00:00]} Kf6
{[%emt 0:00:11]} 33. f4 {[%emt 0:00:11]} Ke7 {[%emt 0:00:06]} 34. Kf2 {[%emt
0:00:10]} Rd8 {[%emt 0:00:11]} 35. Rb1 {[%emt 0:00:05]} Bb5 {[%emt 0:00:21]}
36. Kg3 { [%emt 0:00:11]} a6 {[%emt 0:00:27]} 37. Rb2 {[%emt 0:00:10]} Kf6
{[%emt 0:00:15]} 38. h4 {[%emt 0:00:35]} Kg7 {[%emt 0:00:17]} 39. Rb1 {[%emt
0:00:06]} Rg8 {[%emt 0:00:21]} 40. Kf3 {[%emt 0:00:09]} f6 {[%emt 0:00:01]} 41.
Re1 {[%emt 0:00:14]} e5 {[%emt 0:00:02]} 42. fxe5 {[%emt 0:00:03]} fxe5 {[%emt
0:00:01]} 43. Rxe5 {[%emt 0:00:01]} Kf6 {[%emt 0:00:00]} 44. Re1 {[%emt
0:00:08]} g5 { [%emt 0:00:01]} 45. hxg5+ {[%emt 0:00:20]} Rxg5 {[%emt 0:00:00]}
46. Re8 { [%emt 0:00:03]} Rg7 {[%emt 0:00:03]} 47. Rf8+ {[%emt 0:00:02]} Ke6
{[%emt 0:00:03]} 48. Rxf5 {[%emt 0:00:13]} Bd3 {[%emt 0:00:04]} 49. Rf4 {[%emt
0:00:04]} Kd5 {[%emt 0:00:04]} 50. Ke3 {[%emt 0:00:05]} Bb5 {[%emt 0:00:02]}
51. Rf5+ { [%emt 0:00:02]} Ke6 {[%emt 0:00:02]} 52. Rh5 {[%emt 0:00:03]} Rg1
{[%emt 0:00:03]} 53. Rh6+ {[%emt 0:00:04]} Kd5 {[%emt 0:00:01]} 54. Rh5+ {[%emt
0:00:01]} Ke6 {[%emt 0:00:01]} 55. Rh6+ {[%emt 0:00:01]} Kd5 {[%emt 0:00:00]}
56. Rh5+ { [%emt 0:00:01]} Ke6 {[%emt 0:00:00]} 1/2-1/2

[Event "DSJ Weihnachtsturnier U20 2020"]
[Site "https://play.chessbase.com/en/play?room=DSJWeihnachtU20"]
[Date "2020.12.29"]
[Round "2"]
[White "Witek, Jarne"]
[Black "Gillmeister, Gino"]
[Result "0-1"]
[Termination "normal"]
[Board "15.3"]
[WhiteElo "1393"]
[BlackElo "1587"]
[WhiteTeam "Think Rochade - SC HRO"]
[BlackTeam "SC Borussia Lichtenberg"]
[PlyCount "44"]
[WhiteFideId "16247647"]
[BlackFideId "16224914"]
[EventRounds "7"]
[EventType "team-swiss"]
[EventDate "2020.12.29"]

1. Nf3 {[%emt 0:00:08]} b6 {[%emt 0:00:03]} 2. d4 {[%emt 0:00:13]} Bb7 { [%emt
0:00:01]} 3. e3 {[%emt 0:00:28]} e6 {[%emt 0:00:05]} 4. b3 {[%emt 0:00:03]} f5
{[%emt 0:00:02]} 5. Bb2 {[%emt 0:00:05]} Nf6 {[%emt 0:00:02]} 6. Bd3 { [%emt
0:00:08]} Be7 {[%emt 0:00:03]} 7. O-O {[%emt 0:00:02]} O-O {[%emt 0:00:01]} 8.
Nbd2 {[%emt 0:00:03]} Qe8 {[%emt 0:00:23]} 9. c4 {[%emt 0:00:54]} Qh5 { [%emt
0:00:12]} 10. Qc2 {[%emt 0:00:11]} c5 {[%emt 0:00:09]} 11. e4 {[%emt 0:00:05]}
Nc6 {[%emt 0:00:11]} 12. d5 {[%emt 0:00:07]} Nb4 {[%emt 0:00:02]} 13. Qb1
{[%emt 0:00:10]} Nxd3 {[%emt 0:00:04]} 14. Qxd3 {[%emt 0:00:00]} fxe4 { [%emt
0:00:09]} 15. Nxe4 {[%emt 0:00:05]} exd5 {[%emt 0:00:17]} 16. Nxf6+ { [%emt
0:00:14]} Bxf6 {[%emt 0:00:02]} 17. Bxf6 {[%emt 0:00:06]} Rxf6 {[%emt 0:00:04]}
18. cxd5 {[%emt 0:00:03]} Qxd5 {[%emt 0:00:03]} 19. Rad1 {[%emt 0:00:03]} Qh5
{[%emt 0:00:23]} 20. Qxd7 {[%emt 0:00:23]} Bxf3 {[%emt 0:00:04]} 21. gxf3
{[%emt 0:00:03]} Rg6+ {[%emt 0:00:02]} 22. Kh1 {[%emt 0:00:07]} Qxf3# { [%emt
0:00:03]} 0-1